| 000 | 00998 a2200241 4500 | ||
|---|---|---|---|
| 010 | _a2007020766 | ||
| 020 | _a9780849304163 | ||
| 020 | _a0849304164 | ||
| 040 |
_aDLC _bDLC |
||
| 100 | 1 | _aShiva, Sajjan G. | |
| 245 | 1 | 0 |
_aComputer organization, design and architecture: electronic resource _helectronic resource _cSajjan G. Shiva. |
| 250 | _a4th ed. | ||
| 260 |
_aBoca Raton : _bCRC Press/Taylor & Francis, _cc2008. |
||
| 300 |
_axx, 763 p. : _bill. ; _c25 cm. |
||
| 500 | _aPreviously published: New York : Marcel Dekker, 3rd ed., rev. and expanded, under title: Computer design and architecture, 2000. | ||
| 538 | _aMode of access: World Wide Web. | ||
| 538 | _aSystem requirements: Internet connectivity ; World Wide Web browser. | ||
| 650 | 0 | _aComputer engineering. | |
| 650 | 0 | _aComputer architecture. | |
| 700 | 1 | _aShiva, Sajjan G. | |
| 856 | 4 | 0 | _uhttp://libproxy1.nus.edu.sg/login?url=http://www.itknowledgebase.net/ejournals/books/book_km.asp?id=5983 |
| 942 |
_cBK _k004.22 SHI _2ddc |
||
| 999 |
_c5425 _d5425 |
||